Java 2 platform unleashed / (Record no. 135)
[ view plain ]
| 000 -LEADER | |
|---|---|
| fixed length control field | 00738cam a22002292 4500 |
| 001 - CONTROL NUMBER | |
| control field | 0000000275 |
| 005 - DATE AND TIME OF LATEST TRANSACTION | |
| control field | 20151021151043.0 |
| 008 - FIXED-LENGTH DATA ELEMENTS--GENERAL INFORMATION | |
| fixed length control field | 070119s xx 000 0 eng d |
| 020 ## - INTERNATIONAL STANDARD BOOK NUMBER | |
| International Standard Book Number | 8176353043 : |
| Terms of availability | KES 3,900 |
| 040 ## - CATALOGING SOURCE | |
| Original cataloging agency | KABU |
| Transcribing agency | KABU |
| 050 #0 - LIBRARY OF CONGRESS CALL NUMBER | |
| Classification number | QA76.73 |
| Item number | .J38J39 |
| 100 1# - MAIN ENTRY--PERSONAL NAME | |
| Personal name | Jaworski, Jamie. |
| -- | 0000148371 |
| 245 10 - TITLE STATEMENT | |
| Title | Java 2 platform unleashed / |
| Statement of responsibility, etc. | Jamie Jaworski. |
| 260 ## - PUBLICATION, DISTRIBUTION, ETC. (IMPRINT) | |
| Place of publication, distribution, etc. | New Delhi : |
| Name of publisher, distributor, etc. | Techmedia, |
| Date of publication, distribution, etc. | 1999. |
| 300 ## - PHYSICAL DESCRIPTION | |
| Extent | xxxiv, 1424 p. |
| 650 #0 - SUBJECT ADDED ENTRY--TOPICAL TERM | |
| Topical term or geographic name as entry element | Java (Computer file) |
| -- | 0000148372 |
| 650 #0 - SUBJECT ADDED ENTRY--TOPICAL TERM | |
| Topical term or geographic name as entry element | Operating systems (Computers) |
| -- | 0000146540 |
| 908 ## - PUT COMMAND PARAMETER (RLIN) | |
| Put command parameter | 070119 |
| 950 ## - LOCAL HOLDINGS (RLIN) | |
| -- | 1 |
| Withdrawn status | Lost status | Source of classification or shelving scheme | Not for loan | Home library | Current library | Date acquired | Total Checkouts | Full call number | Barcode | Date last seen | Price effective from | Koha item type |
|---|---|---|---|---|---|---|---|---|---|---|---|---|
| Library of Congress Classification | Kabarak, Main Campus | Kabarak, Main Campus | 17/12/2015 | QA76.73 .J38J39 | 004237 | 17/12/2015 | 17/12/2015 | General Collection | ||||
| Library of Congress Classification | Kabarak, Nakuru City Campus | Kabarak, Nakuru City Campus | 21/10/2015 | QA76.73 .J38J39 | 005589 | 21/10/2015 | 21/10/2015 | General Collection | ||||
| Library of Congress Classification | Kabarak, Nakuru City Campus | Kabarak, Nakuru City Campus | 21/10/2015 | QA76.73 .J38J39 | 005590 | 21/10/2015 | 21/10/2015 | General Collection |